| 000 -LEADER |
| fixed length control field |
02139cam a2200421 i 4500 |
| 001 - CONTROL NUMBER |
| control field |
18980619 |
| 003 - CONTROL NUMBER IDENTIFIER |
| control field |
NUST |
| 005 - DATE AND TIME OF LATEST TRANSACTION |
| control field |
20230210143235.0 |
| 008 - FIXED-LENGTH DATA ELEMENTS--GENERAL INFORMATION |
| fixed length control field |
160217s2016 ii b 001 0 eng d |
| 010 ## - LIBRARY OF CONGRESS CONTROL NUMBER |
| LC control number |
2015515240 |
| 020 ## - INTERNATIONAL STANDARD BOOK NUMBER |
| International Standard Book Number |
9788182748736 (hardback) |
| 020 ## - INTERNATIONAL STANDARD BOOK NUMBER |
| International Standard Book Number |
8182748739 (hardback) |
| 025 ## - OVERSEAS ACQUISITION NUMBER |
| Overseas acquisition number |
I-E-2015515240; 63-92 |
| 035 ## - SYSTEM CONTROL NUMBER |
| System control number |
(OCoLC)ocn939550235 |
| 035 ## - SYSTEM CONTROL NUMBER |
| System control number |
(OCoLC)939550235 |
| 037 ## - SOURCE OF ACQUISITION |
| Source of stock number/acquisition |
Library of Congress -- New Delhi Overseas Office |
| 040 ## - CATALOGING SOURCE |
| Original cataloging agency |
DKAGE |
| Language of cataloging |
eng |
| Description conventions |
rda |
| Transcribing agency |
DKAGE |
| Modifying agency |
DLC |
| 042 ## - AUTHENTICATION CODE |
| Authentication code |
lccopycat |
| -- |
lcode |
| 043 ## - GEOGRAPHIC AREA CODE |
| Geographic area code |
a-ii--- |
| 050 00 - LIBRARY OF CONGRESS CALL NUMBER |
| Classification number |
DS480.853 |
| Item number |
.M63 2016 |
| 082 ## - DEWEY DECIMAL CLASSIFICATION NUMBER |
| Classification number |
954.0532,MOD |
| 245 00 - TITLE STATEMENT |
| Title |
Modi's foreign policy : |
| Remainder of title |
challenges and opportunities / |
| Statement of responsibility, etc. |
editors, N.N. Jha, Sudhir Singh. |
| 264 #1 - PRODUCTION, PUBLICATION, DISTRIBUTION, MANUFACTURE, AND COPYRIGHT NOTICE |
| Place of production, publication, distribution, manufacture |
New Delhi : |
| Name of producer, publisher, distributor, manufacturer |
Indian Council of World Affairs : |
| -- |
Pentagon Press, |
| Date of production, publication, distribution, manufacture, or copyright notice |
2016. |
| 300 ## - PHYSICAL DESCRIPTION |
| Extent |
xxvi, 350 pages : |
| Other physical details |
illustrations (black and white) ; |
| Dimensions |
24 cm |
| 336 ## - CONTENT TYPE |
| Content type term |
text |
| Content type code |
txt |
| Source |
rdacontent |
| 337 ## - MEDIA TYPE |
| Media type term |
unmediated |
| Media type code |
n |
| Source |
rdamedia |
| 338 ## - CARRIER TYPE |
| Carrier type term |
volume |
| Carrier type code |
nc |
| Source |
rdacarrier |
| 505 ## - FORMATTED CONTENTS NOTE |
| Formatted contents note |
India's foreign policy towards Nepal (Page-1), Transition from 'Look east' to 'Act east' (Page-11), A new foreign policy agenda for Modi (Page-22), Modi's foreign policy (Page-35), Indo - Iran relationship (Page-47), India - Bangladesh Betrayal agreements (Page-59), Indo - African relations (Page-68), Russia in Asia - Pacific (Page-75), Modi's government's Afghan policy (Page-88), Narendra Modi (Page-124), Great Game i Central Asia (Page-184), India and Australia (Page-200), Indo-Pak relations (Page-284), India-Singapore Bilateral relations (Page-295), Contemporary Indo-Bhutanese relations (Page-336). |
| 600 10 - SUBJECT ADDED ENTRY--PERSONAL NAME |
| Personal name |
Modī, Narendra, |
| Dates associated with a name |
1950- |
| Form subdivision |
Congresses. |
| 9 (RLIN) |
108858 |
| 651 #0 - SUBJECT ADDED ENTRY--GEOGRAPHIC NAME |
| Geographic name |
India |
| General subdivision |
Foreign relations |
| Chronological subdivision |
21st century |
| Form subdivision |
Congresses. |
| 9 (RLIN) |
108859 |
| 700 1# - ADDED ENTRY--PERSONAL NAME |
| Personal name |
Jha, N. N. |
| Fuller form of name |
(Nagendra Nath), |
| Dates associated with a name |
1935- |
| Relator term |
editor. |
| 9 (RLIN) |
108860 |
| 700 1# - ADDED ENTRY--PERSONAL NAME |
| Personal name |
Singh, Sudhir Kumar, |
| Relator term |
editor. |
| 9 (RLIN) |
108861 |
| 710 2# - ADDED ENTRY--CORPORATE NAME |
| Corporate name or jurisdiction name as entry element |
Society for Social Empowerment. |
| 9 (RLIN) |
108862 |
| 710 2# - ADDED ENTRY--CORPORATE NAME |
| Corporate name or jurisdiction name as entry element |
Indian Council of World Affairs. |
| 9 (RLIN) |
99438 |
| 906 ## - LOCAL DATA ELEMENT F, LDF (RLIN) |
| a |
7 |
| b |
cbc |
| c |
copycat |
| d |
3 |
| e |
ncip |
| f |
20 |
| g |
y-gencatlg |
| 942 ## - ADDED ENTRY ELEMENTS (KOHA) |
| Source of classification or shelving scheme |
|
| Koha item type |
Book |
| Call number prefix |
954.0532,MOD |